000
00297nam a2200121Ia 4500
005
20251222141841.0
008
251222s9999||||xx |||||||||||||| ||spa||
082
_a
956.94/S38/T.I
100
_a
Senderey, Moisés
245
0
_a
Breve Historia del Pueblo de Israel:
264
_b
Yehuda
942
_c
LIB
999
_c
7427
_d
7427